000 00613cam a22002053a 4500
001 35810
003 PGUSA
005 20140828083754.0
008 110409s2011||||xxu|||||s|||||000 | eng d
040 _aPGUSA
_beng
042 _adc
100 1 _aIngraham, Joseph Holt,
_d1809-1860
245 1 0 _aCaptain Kyd, Vol. II ;
_bor, The Wizard of the Sea
_h[electronic resource] /
_cJoseph Holt Ingraham
260 _bProject Gutenberg,
_c2011
506 _aPublic domain in the USA.
516 _aElectronic text
830 0 _aProject Gutenberg
_v35810
856 4 0 _uhttp://www.gutenberg.org/ebooks/35810
942 _cEB
999 _c265065
_d265065